[Event "First Saturday 2011 aprilis FM-A"]
[Site "Budapest"]
[Date "2011.04.02"]
[Round "1"]
[White "Kiss, Peter"]
[Black "Farkas, Richard"]
[Result "0-1"]
[WhiteElo "1902"]
[BlackElo "2001"]
[PlyCount "76"]
[EventDate "2011.04.02"]

1. d4 d5 2. Nf3 Nf6 3. g3 Bf5 4. Bg2 e6 5. Nbd2 h6 6. O-O Nbd7 7. c3 Bd6 8. b3
Ne4 9. Bb2 Ndf6 10. Ne1 O-O 11. f3 Nxd2 12. Qxd2 c5 13. Nd3 cxd4 14. cxd4 Qb6
15. Nf2 Bb4 16. Qd1 Qb5 17. a3 Ba5 18. Rc1 Rac8 19. e4 Bg6 20. b4 Bb6 21. Re1
dxe4 22. fxe4 Rxc1 23. Qxc1 Rd8 24. Qd2 e5 25. Bf1 Qe8 26. Bg2 Bxd4 27. Bxd4
Rxd4 28. Qc3 Qe7 29. b5 Kh7 30. Qb3 Qc5 31. Kh1 Rd2 32. Nd1 Qd4 33. Qb1 Ng4 34.
h3 Rxd1 35. Rxd1 Qxd1+ 36. Qxd1 Nf2+ 37. Kg1 Nxd1 38. Bf3 Nc3 0-1

[Event "First Saturday 2011 aprilis FM-A"]
[Site "Budapest"]
[Date "2011.04.02"]
[Round "1"]
[White "Borda, Lajos"]
[Black "Zala, Gyula"]
[Result "1-0"]
[WhiteElo "2135"]
[BlackElo "2074"]
[PlyCount "63"]
[EventDate "2011.04.02"]

1. e4 e5 2. Bc4 d5 3. Bxd5 Nf6 4. Bb3 Bc5 5. Qe2 Nc6 6. c3 O-O 7. h3 a5 8. a4
b6 9. d3 Ba6 10. Bc4 Bxc4 11. dxc4 Ne8 12. Be3 Bxe3 13. Qxe3 Nd6 14. Nd2 f5 15.
c5 bxc5 16. Qxc5 Qe8 17. Ngf3 fxe4 18. Nxe4 Nxe4 19. Qc4+ Kh8 20. Qxe4 Rb8 21.
Ng5 g6 22. Qc2 Rf5 23. Ne4 Ne7 24. Rd1 Qc6 25. O-O Rf4 26. Rfe1 Rb4 27. Ng3
Rxa4 28. Rxe5 Ng8 29. b3 Rab4 30. Rd8 Kg7 31. Qd1 Qf6 32. Ree8 1-0

[Event "First Saturday 2011 aprilis FM-A"]
[Site "Budapest"]
[Date "2011.04.02"]
[Round "1"]
[White "Tran, Minh Thang"]
[Black "Xu, Fei"]
[Result "1/2-1/2"]
[WhiteElo "2077"]
[BlackElo "1909"]
[PlyCount "92"]
[EventDate "2011.04.02"]

1. d4 d5 2. Bf4 Nf6 3. e3 c5 4. dxc5 e6 5. Nc3 Bxc5 6. Nb5 Na6 7. Nf3 O-O 8. c3
Bd7 9. a4 Ne4 10. Bd3 Bb6 11. Qc2 Nac5 12. Be2 a6 13. Nbd4 a5 14. Nb5 f6 15.
O-O e5 16. Bg3 Nxg3 17. hxg3 Bg4 18. Ng5 fxg5 19. Bxg4 Qf6 20. b4 Na6 21. Qb3
Rad8 22. Rad1 Qf7 23. Bf3 e4 24. Be2 Kh8 25. Nd4 Rd6 26. g4 Rf6 27. Bxa6 bxa6
28. Qb2 Qd7 29. Qe2 axb4 30. cxb4 Qxa4 31. Nf5 Qxb4 32. Rxd5 g6 33. Ng3 h6 34.
Re5 Bc7 35. Rxe4 Qb6 36. Nh1 Qd6 37. g3 Qd5 38. Rd4 Qf3 39. Qd3 Kh7 40. Rd7+
R8f7 41. Rxf7+ Rxf7 42. Qxa6 Qxg4 43. Qb7 Qf5 44. Qc6 h5 45. Qg2 Re7 46. Rd1
Rf7 1/2-1/2

[Event "First Saturday 2011 aprilis FM-A"]
[Site "Budapest"]
[Date "2011.04.02"]
[Round "1"]
[White "Csillag, Janos"]
[Black "Sanders, Isaac B"]
[Result "0-1"]
[WhiteElo "1978"]
[BlackElo "2015"]
[PlyCount "58"]
[EventDate "2011.04.02"]

1. d4 Nf6 2. c4 g6 3. Nc3 Bg7 4. e4 d6 5. f3 O-O 6. Be3 e5 7. Bd3 Ng4 8. fxg4
exd4 9. Nge2 Bxg4 10. O-O dxe3 11. Qb3 Nd7 12. Bc2 Nc5 13. Qa3 Be5 14. Rae1 Ne6
15. Nd5 Bxe2 16. Rxe2 Nd4 17. Qxe3 Nxe2+ 18. Qxe2 c6 19. Ne3 Bd4 20. Kh1 Bxe3
21. Qxe3 Qe7 22. Qg3 Qe5 23. Qa3 Rfe8 24. b4 c5 25. Qf3 Re7 26. h4 cxb4 27. Rd1
Qc3 28. Qe2 Qg3 29. h5 Re5 0-1

[Event "First Saturday 2011 aprilis FM-A"]
[Site "Budapest"]
[Date "2011.04.02"]
[Round "1"]
[White "Chen, Yang"]
[Black "Juracsik, Jozsef"]
[Result "1/2-1/2"]
[WhiteElo "2033"]
[BlackElo "2228"]
[PlyCount "72"]
[EventDate "2011.04.02"]

1. e4 c5 2. Nf3 d6 3. d4 cxd4 4. Nxd4 Nf6 5. Nc3 a6 6. Bc4 e6 7. O-O b5 8. Bb3
Be7 9. Qf3 Qc7 10. Qg3 O-O 11. Bh6 Ne8 12. Rad1 Bd7 13. f4 Nc6 14. Nxc6 Bxc6
15. f5 Kh8 16. f6 gxh6 17. fxe7 Qxe7 18. Qf2 f6 19. Qb6 Bd7 20. Qb7 Qd8 21. e5
Rb8 22. Qxa6 Qc7 23. Ne4 dxe5 24. Bxe6 Bc6 25. Bd5 Bxd5 26. Rxd5 Qc4 27. Qa3
Nc7 28. Rd7 Qxe4 29. Rxc7 b4 30. Qf3 Qxf3 31. Rxf3 Rbc8 32. Rxf6 Rxc7 33. Rxf8+
Kg7 34. Rf2 Kg6 35. Re2 Kf5 36. Kf2 Ra7 1/2-1/2

[Event "First Saturday 2011 aprilis FM-A"]
[Site "Budapest"]
[Date "2011.04.03"]
[Round "2"]
[White "Farkas, Richard"]
[Black "Juracsik, Jozsef"]
[Result "0-1"]
[WhiteElo "2001"]
[BlackElo "2228"]
[PlyCount "60"]
[EventDate "2011.04.02"]

1. e4 c5 2. Nf3 d6 3. d4 cxd4 4. Nxd4 Nf6 5. Nc3 g6 6. Be3 Bg7 7. f3 Nc6 8. Qd2
O-O 9. O-O-O Bd7 10. h4 Qa5 11. Nb3 Qc7 12. Bh6 Be6 13. g4 Nb4 14. h5 Rfc8 15.
Kb1 Bh8 16. hxg6 fxg6 17. Qh2 Bf7 18. Bg5 b5 19. f4 Nxc2 20. e5 dxe5 21. fxe5
Bxb3 22. axb3 Na3+ 23. bxa3 Qxc3 24. Rd3 Qe1+ 25. Ka2 Nh5 26. gxh5 Bxe5 27. Rd1
Qxd1 28. Bd3 Qxd3 29. Qxe5 Rc2+ 30. Ka1 Qxb3 0-1

[Event "First Saturday 2011 aprilis FM-A"]
[Site "Budapest"]
[Date "2011.04.03"]
[Round "2"]
[White "Darazs, Zoltan"]
[Black "Chen, Yang"]
[Result "1-0"]
[WhiteElo "2218"]
[BlackElo "2033"]
[PlyCount "101"]
[EventDate "2011.04.02"]

1. e4 c5 2. Nf3 d6 3. d4 cxd4 4. Nxd4 Nf6 5. Nc3 a6 6. Bg5 e6 7. f4 Qb6 8. Qd2
Nc6 9. O-O-O Nxd4 10. Qxd4 Qxd4 11. Rxd4 Be7 12. Be2 Bd7 13. Bf3 Bc6 14. Rhd1
h6 15. Bxf6 gxf6 16. f5 h5 17. Re1 e5 18. Rd2 Rc8 19. Nd5 Bxd5 20. Rxd5 Kd7 21.
Red1 Rc6 22. R1d3 Bd8 23. Be2 Bb6 24. Rh3 h4 25. c3 Rg8 26. Rxh4 Rxg2 27. Kd1
Rc8 28. Rh7 Ke7 29. Rd3 Rcg8 30. Rg3 R2xg3 31. hxg3 Kf8 32. Bc4 Rg7 33. Rh8+
Rg8 34. Rxg8+ Kxg8 35. Bd5 a5 36. Bxb7 Kf8 37. Kc2 Ke7 38. Kb3 Bf2 39. Ka4 Bxg3
40. Kxa5 Kd7 41. b4 Kc7 42. Bd5 Be1 43. c4 Bd2 44. a4 Bc3 45. Kb5 Bd2 46. a5
Kb8 47. Ka4 Ka7 48. b5 Be3 49. b6+ Ka6 50. Bxf7 Bc5 51. Be6 1-0

[Event "First Saturday 2011 aprilis FM-A"]
[Site "Budapest"]
[Date "2011.04.03"]
[Round "2"]
[White "Sanders, Isaac B"]
[Black "Erdos, Boglarka"]
[Result "1/2-1/2"]
[WhiteElo "2015"]
[BlackElo "2174"]
[PlyCount "90"]
[EventDate "2011.04.02"]

1. d4 d5 2. c4 c6 3. Nf3 Nf6 4. Nc3 e6 5. Bg5 h6 6. Bh4 dxc4 7. e4 g5 8. Bg3 b5
9. e5 Nd5 10. h4 g4 11. Nd2 Rg8 12. Be2 Bb7 13. Nde4 Nd7 14. Bxg4 Qa5 15. O-O
c5 16. Nxd5 Bxd5 17. Nc3 Nb6 18. Nxd5 Nxd5 19. dxc5 Bxc5 20. Qf3 Qc7 21. a4 b4
22. Rac1 c3 23. bxc3 bxc3 24. Bh5 Rc8 25. Rfd1 Ba3 26. Rc2 Rd8 27. Bf4 Bb2 28.
Bc1 Bxc1 29. Rdxc1 Rg7 30. Qe4 Rc8 31. Be2 a5 32. Ba6 Rb8 33. Bc4 Rb4 34. Rxc3
Nxc3 35. Rxc3 Kf8 36. Qd3 Rg4 37. Bxe6 Qxc3 38. Qd8+ Kg7 39. Qf6+ Kh7 40. Qxf7+
Kh8 41. Qf8+ Kh7 42. Bf5+ Rg6 43. Qf7+ Kh8 44. Qf8+ Kh7 45. Qf7+ Kh8 1/2-1/2

[Event "First Saturday 2011 aprilis FM-A"]
[Site "Budapest"]
[Date "2011.04.03"]
[Round "2"]
[White "Xu, Fei"]
[Black "Csillag, Janos"]
[Result "1-0"]
[WhiteElo "1909"]
[BlackElo "1978"]
[PlyCount "85"]
[EventDate "2011.04.02"]

1. e4 c6 2. d4 d5 3. Nc3 dxe4 4. Nxe4 Nf6 5. Nxf6+ gxf6 6. Nf3 Bf5 7. Bd3 e6 8.
Bxf5 Qa5+ 9. c3 Qxf5 10. Be3 Nd7 11. Qe2 Rg8 12. g3 O-O-O 13. O-O-O Nb6 14. Nh4
Qa5 15. Kb1 Na4 16. Qc2 Be7 17. f4 Rd7 18. f5 Rgd8 19. Qb3 e5 20. Nf3 Nb6 21.
g4 Nd5 22. Bc1 e4 23. Nd2 Ne3 24. Nc4 Nxc4 25. Qxc4 Qd5 26. Qe2 Bd6 27. c4 Qa5
28. Qxe4 Re7 29. Qc2 Rde8 30. Bd2 Qc7 31. h3 Bf4 32. Bb4 Re2 33. Qa4 b5 34.
Qa6+ Qb7 35. Qxb7+ Kxb7 36. cxb5 cxb5 37. Rhe1 Bg3 38. Rxe2 Rxe2 39. Rd2 Re4
40. Rd3 Bc7 41. Bc3 Kb6 42. d5 Be5 43. d6 1-0

[Event "First Saturday 2011 aprilis FM-A"]
[Site "Budapest"]
[Date "2011.04.03"]
[Round "2"]
[White "Zala, Gyula"]
[Black "Tran, Minh Thang"]
[Result "1-0"]
[WhiteElo "2074"]
[BlackElo "2077"]
[PlyCount "37"]
[EventDate "2011.04.02"]

1. e4 e6 2. a3 d5 3. e5 c5 4. b4 Nc6 5. f4 cxb4 6. axb4 Bxb4 7. c3 Be7 8. d4
Nh6 9. Bd3 O-O 10. Nf3 Bd7 11. O-O Rc8 12. Ra2 a6 13. Ng5 g6 14. Rf3 f6 15. Rh3
fxg5 16. Rxh6 Kg7 17. Rxh7+ Kg8 18. Bxg6 Bf6 19. Qh5 1-0

[Event "First Saturday 2011 aprilis FM-A"]
[Site "Budapest"]
[Date "2011.04.03"]
[Round "2"]
[White "Kiss, Peter"]
[Black "Borda, Lajos"]
[Result "0-1"]
[WhiteElo "1902"]
[BlackElo "2135"]
[PlyCount "120"]
[EventDate "2011.04.02"]

1. e4 c5 2. Nf3 a6 3. c3 d5 4. exd5 Qxd5 5. d4 Bf5 6. Be3 cxd4 7. cxd4 e6 8.
Nc3 Bb4 9. Be2 Nd7 10. O-O Qd6 11. Rc1 Ngf6 12. Qb3 O-O 13. Nh4 Bg4 14. Bxg4
Nxg4 15. Nf3 Ngf6 16. Nd2 Rfc8 17. Nde4 Qe7 18. Nxf6+ Nxf6 19. Na4 Nd5 20. a3
Bd6 21. Nb6 Bxh2+ 22. Kxh2 Qd6+ 23. Kg1 Qxb6 24. Qa2 a5 25. b3 Qd6 26. Qb2 b5
27. Bd2 Nf4 28. Rxc8+ Rxc8 29. Bxa5 Qxd4 30. Qxd4 Ne2+ 31. Kh2 Nxd4 32. Rb1 f6
33. Bb6 Ne2 34. a4 bxa4 35. bxa4 Rc4 36. g3 Rxa4 37. Re1 Ra6 38. Be3 Nc3 39.
Rc1 Nd5 40. Bd2 h5 41. Rc2 g5 42. Kh3 Kf7 43. Rb2 Kg6 44. f3 Ra3 45. Kg2 g4 46.
f4 Kf5 47. Bc1 Rc3 48. Bd2 Rd3 49. Ra2 e5 50. fxe5 fxe5 51. Ba5 e4 52. Rf2+ Rf3
53. Rb2 Ne3+ 54. Kh2 Nf1+ 55. Kg2 Nxg3 56. Rb5+ Kg6 57. Rb6+ Kg5 58. Rb5+ Nf5
59. Bd8+ Kg6 60. Rb6+ Kf7 0-1

[Event "First Saturday 2011 aprilis FM-A"]
[Site "Budapest"]
[Date "2011.04.04"]
[Round "3"]
[White "Borda, Lajos"]
[Black "Farkas, Richard"]
[Result "0-1"]
[WhiteElo "2135"]
[BlackElo "2001"]
[PlyCount "95"]
[EventDate "2011.04.02"]

1. e4 c5 2. Nf3 e6 3. c3 d5 4. e5 Qb6 5. d4 Bd7 6. h4 Bb5 7. Bxb5+ Qxb5 8. Na3
Qa6 9. Qe2 Qxe2+ 10. Kxe2 a6 11. Nc2 Nc6 12. Be3 cxd4 13. Bxd4 Nge7 14. h5 Rc8
15. Rac1 h6 16. Ne3 Kd7 17. Bb6 g6 18. c4 Bg7 19. Rcd1 Nxe5 20. cxd5 Nxf3 21.
Kxf3 exd5 22. Bd4 Bxd4 23. Rxd4 Rc5 24. b4 Rc3 25. Rhd1 Ke6 26. Ke2 Rd8 27.
hxg6 fxg6 28. g3 Ra3 29. R1d2 Nc6 30. Rg4 g5 31. Kf1 Ne5 32. Nc2 Rxa2 33. Rxg5
Nf3 34. Re2+ Kf6 35. Rh5 Kg6 36. g4 d4 37. Re6+ Kf7 38. Rb6 Rxc2 39. Rxb7+ Ke6
40. Rb6+ Kd7 41. Rxa6 Kc7 42. Rhxh6 Ne5 43. b5 d3 44. Rh7+ Rd7 45. b6+ Kb8 46.
Rxd7 Rc1+ 47. Kg2 Nxd7 48. Ra3 0-1

[Event "First Saturday 2011 aprilis FM-A"]
[Site "Budapest"]
[Date "2011.04.04"]
[Round "3"]
[White "Tran, Minh Thang"]
[Black "Kiss, Peter"]
[Result "1-0"]
[WhiteElo "2077"]
[BlackElo "1902"]
[PlyCount "75"]
[EventDate "2011.04.02"]

1. d4 f5 2. Bf4 Nf6 3. e3 g6 4. Nf3 Bg7 5. Nbd2 O-O 6. c3 d6 7. Qb3+ Kh8 8. Ng5
Qe8 9. Bb5 c6 10. Bc4 d5 11. Bd3 h6 12. Ngf3 Nbd7 13. Ne5 Ne4 14. h4 Nxe5 15.
Bxe5 Bxe5 16. dxe5 Nc5 17. Qc2 Nxd3+ 18. Qxd3 a5 19. f4 b6 20. Nf3 Ba6 21. Qd4
c5 22. Qxd5 Rd8 23. Qe6 Qb5 24. Kf2 Qxb2+ 25. Kg3 Bb7 26. h5 Bd5 27. Qxe7 gxh5
28. Rag1 Bxf3 29. Kxf3 Qc2 30. Qb7 Qxa2 31. Rxh5 Qe6 32. Rgh1 Qd5+ 33. Qxd5
Rxd5 34. Rxh6+ Kg8 35. Rxb6 Ra8 36. Rh5 a4 37. Rg6+ Kf7 38. Rf6+ 1-0

[Event "First Saturday 2011 aprilis FM-A"]
[Site "Budapest"]
[Date "2011.04.04"]
[Round "3"]
[White "Csillag, Janos"]
[Black "Zala, Gyula"]
[Result "0-1"]
[WhiteElo "1978"]
[BlackElo "2074"]
[PlyCount "40"]
[EventDate "2011.04.02"]

1. e4 e5 2. f4 g5 3. fxe5 d6 4. exd6 Qxd6 5. d4 Qg6 6. Bd3 Be7 7. Nf3 Nc6 8.
O-O Bg4 9. Nc3 Nxd4 10. Ne5 Bxd1 11. Nxg6 hxg6 12. Nxd1 Nh6 13. c3 Nc6 14. Be3
Ng4 15. h3 Nxe3 16. Nxe3 Bc5 17. Rae1 Ne5 18. Bb5+ c6 19. Ba4 Rd8 20. Re2 g4
0-1

[Event "First Saturday 2011 aprilis FM-A"]
[Site "Budapest"]
[Date "2011.04.04"]
[Round "3"]
[White "Erdos, Boglarka"]
[Black "Xu, Fei"]
[Result "1/2-1/2"]
[WhiteElo "2174"]
[BlackElo "1909"]
[PlyCount "137"]
[EventDate "2011.04.02"]

1. e4 c5 2. Nf3 d6 3. c3 Nf6 4. h3 e6 5. Bd3 Be7 6. Bc2 Nc6 7. O-O O-O 8. d4
cxd4 9. cxd4 Nb4 10. Nc3 Nxc2 11. Qxc2 Qc7 12. Bf4 Bd7 13. Rac1 Qb6 14. Qe2
Rac8 15. Rfd1 Rfe8 16. d5 e5 17. Be3 Qa5 18. a3 a6 19. Nd2 b5 20. f3 Nh5 21.
Qf2 Qd8 22. Bb6 Bh4 23. Bxd8 Bxf2+ 24. Kxf2 Rexd8 25. Ne2 g6 26. g4 Ng7 27.
Rxc8 Rxc8 28. Rc1 Rxc1 29. Nxc1 f5 30. Nd3 Kf7 31. Nb3 Kf6 32. Kg3 h5 33. Na5
hxg4 34. hxg4 fxe4 35. fxe4 Kg5 36. Nf2 Ne8 37. Nh3+ Kh6 38. Kh4 Bc8 39. Nc6
Nc7 40. Ng5 Kg7 41. Nd8 a5 42. Nf3 Na6 43. Nc6 Nc5 44. Nd2 a4 45. Nb4 Bd7 46.
g5 Kf7 47. Kg3 Bc8 48. Kf3 Ke7 49. Ke3 Bd7 50. Nd3 Bg4 51. Nf2 Bd7 52. Nd1 b4
53. axb4 Na6 54. Nc3 Nxb4 55. Nc4 Nc2+ 56. Kd3 Nd4 57. Nd2 Kd8 58. Kc4 Nc2 59.
Ncb1 Kc7 60. Kc3 Nd4 61. Kb4 Kb6 62. Nc4+ Kc7 63. Nbd2 Ne2 64. Na3 Nf4 65. Nb5+
Bxb5 66. Kxb5 Nd3 67. Kxa4 Nxb2+ 68. Kb3 Nd3 69. Kc4 1/2-1/2

[Event "First Saturday 2011 aprilis FM-A"]
[Site "Budapest"]
[Date "2011.04.04"]
[Round "3"]
[White "Chen, Yang"]
[Black "Sanders, Isaac B"]
[Result "1/2-1/2"]
[WhiteElo "2033"]
[BlackElo "2015"]
[PlyCount "49"]
[EventDate "2011.04.02"]

1. e4 c5 2. Nf3 d6 3. d4 cxd4 4. Nxd4 Nf6 5. Nc3 a6 6. Bc4 e6 7. Bb3 Nbd7 8.
Bg5 Qa5 9. Qd2 Be7 10. O-O-O Nc5 11. Kb1 Nfxe4 12. Nxe4 Qxd2 13. Nxd6+ Bxd6 14.
Bxd2 Nxb3 15. Nxb3 Ke7 16. c4 Bd7 17. Rhe1 f6 18. c5 Bc7 19. Bb4 Bc6 20. Nd4
Be5 21. f4 Bxd4 22. Rxd4 Rhd8 23. Rd6 Rxd6 24. cxd6+ Kd7 25. g3 1/2-1/2

[Event "First Saturday 2011 aprilis FM-A"]
[Site "Budapest"]
[Date "2011.04.05"]
[Round "4"]
[White "Farkas, Richard"]
[Black "Darazs, Zoltan"]
[Result "1-0"]
[WhiteElo "2001"]
[BlackElo "2218"]
[PlyCount "61"]
[EventDate "2011.04.02"]

1. e4 e5 2. Nc3 Nf6 3. f4 d5 4. fxe5 Nxe4 5. Nf3 Be7 6. Be2 O-O 7. O-O c5 8. d3
Nxc3 9. bxc3 d4 10. cxd4 cxd4 11. Bb2 Nc6 12. c3 Bc5 13. Kh1 dxc3 14. Bxc3 Nd4
15. Rb1 b6 16. Bxd4 Bxd4 17. Qa4 Bc5 18. d4 Be7 19. Qb3 Bb7 20. Rbd1 Qd5 21.
Bc4 Qe4 22. Rde1 Qg4 23. h3 Qg3 24. d5 Kh8 25. Re4 f5 26. Re2 Bc5 27. Rd1 a6
28. Nd4 Qh4 29. Ne6 Rfc8 30. d6 Bf2 31. Bd5 1-0

[Event "First Saturday 2011 aprilis FM-A"]
[Site "Budapest"]
[Date "2011.04.05"]
[Round "4"]
[White "Sanders, Isaac B"]
[Black "Juracsik, Jozsef"]
[Result "1/2-1/2"]
[WhiteElo "2015"]
[BlackElo "2228"]
[PlyCount "122"]
[EventDate "2011.04.02"]

1. d4 Nf6 2. c4 c5 3. d5 e6 4. Nc3 exd5 5. cxd5 d6 6. e4 a6 7. a4 g6 8. f4 Bg7
9. Nf3 O-O 10. Bd3 Re8 11. O-O c4 12. Bc2 Bg4 13. Be3 Nbd7 14. a5 Qc7 15. h3
Bxf3 16. Qxf3 Nc5 17. e5 Nfd7 18. e6 fxe6 19. dxe6 Rxe6 20. f5 gxf5 21. Nd5 Qc6
22. Qxf5 Nf8 23. Qf7+ Kh8 24. Qh5 Nd3 25. Ba4 Qc8 26. Rf5 Rxe3 27. Nxe3 Bd4 28.
Raf1 Bxe3+ 29. Kh1 Ng6 30. Rf7 Qg8 31. Qf3 Bd4 32. Qxb7 Rf8 33. Rxf8 Nxf8 34.
Qf3 Ng6 35. Bc2 Bxb2 36. Bxd3 cxd3 37. Qxd3 Be5 38. Qxa6 Nf4 39. Qc6 Qg3 40.
Qf3 Qg8 41. a6 Qa2 42. Qg3 Qxa6 43. Rxf4 Qa1+ 44. Kh2 Qa8 45. Qf2 Qe4 46. g3
Bxf4 47. gxf4 d5 48. Kg3 Kg7 49. Qf3 Kf6 50. Kf2 Qxf3+ 51. Kxf3 Kf5 52. Ke3 h5
53. Kd4 h4 54. Kxd5 Kxf4 55. Kd4 Kg3 56. Ke3 Kxh3 57. Kf3 Kh2 58. Kf2 h3 59.
Kf1 Kg3 60. Kg1 h2+ 61. Kh1 Kh3 1/2-1/2

[Event "First Saturday 2011 aprilis FM-A"]
[Site "Budapest"]
[Date "2011.04.05"]
[Round "4"]
[White "Zala, Gyula"]
[Black "Erdos, Boglarka"]
[Result "0-1"]
[WhiteElo "2074"]
[BlackElo "2174"]
[PlyCount "68"]
[EventDate "2011.04.02"]

1. e4 e6 2. a3 d5 3. e5 c5 4. b4 Nc6 5. f4 cxb4 6. axb4 Bxb4 7. c3 Be7 8. d4
Nh6 9. Nf3 Bd7 10. Bd3 a6 11. O-O Na5 12. Ra2 Nc4 13. Re1 g6 14. Ng5 Nf5 15. g4
Ng7 16. Qf3 Nb6 17. Rf2 h6 18. Qh3 Rc8 19. Nxf7 Kxf7 20. f5 exf5 21. e6+ Bxe6
22. Rxe6 Kxe6 23. gxf5+ gxf5 24. Bxh6 Kd7 25. Qe3 Rc6 26. Bxg7 Rg6+ 27. Kf1
Rxg7 28. Bxf5+ Kc6 29. Nd2 Bh4 30. Nb3 Nc4 31. Qd3 Bxf2 32. Be4 Kc7 33. Nc5 Qf6
34. Bxd5 Rg1+ 0-1

[Event "First Saturday 2011 aprilis FM-A"]
[Site "Budapest"]
[Date "2011.04.05"]
[Round "4"]
[White "Kiss, Peter"]
[Black "Csillag, Janos"]
[Result "0-1"]
[WhiteElo "1902"]
[BlackElo "1978"]
[PlyCount "54"]
[EventDate "2011.04.02"]

1. d4 Nf6 2. c4 e6 3. Nf3 d5 4. cxd5 exd5 5. Bg5 Be7 6. Nc3 c6 7. e3 O-O 8. Bd3
Nbd7 9. O-O Re8 10. Rc1 Nf8 11. Qb3 Ne4 12. Bxe7 Qxe7 13. Rfe1 Ng6 14. h3 Qf6
15. Bxe4 dxe4 16. Nd2 Bf5 17. d5 Rad8 18. Qxb7 Qg5 19. Kh2 cxd5 20. Nb3 Ne5 21.
Rg1 Qh4 22. Nd4 Ng4+ 23. Kh1 Nxf2+ 24. Kh2 Bxh3 25. g3 Ng4+ 26. Kh1 Bg2+ 27.
Kxg2 Qh2+ 0-1

[Event "First Saturday 2011 aprilis FM-A"]
[Site "Budapest"]
[Date "2011.04.05"]
[Round "4"]
[White "Borda, Lajos"]
[Black "Tran, Minh Thang"]
[Result "1-0"]
[WhiteElo "2135"]
[BlackElo "2077"]
[PlyCount "99"]
[EventDate "2011.04.02"]

1. e4 e6 2. d4 d5 3. e5 c5 4. c3 Qb6 5. Nf3 Bd7 6. Be2 cxd4 7. cxd4 Bb5 8. O-O
Nc6 9. Nc3 a6 10. Qb3 Bb4 11. Nxb5 axb5 12. a3 Ra5 13. Be3 Be7 14. Bd2 b4 15.
axb4 Bxb4 16. Bxb4 Nxb4 17. Rxa5 Qxa5 18. Rc1 Ne7 19. Qa3 Qxa3 20. bxa3 Nbc6
21. Rb1 Na5 22. Bb5+ Kf8 23. Bd7 g6 24. Rb5 Nc4 25. Rxb7 Nxa3 26. Ng5 Ng8 27.
Bxe6 fxe6 28. Nxe6+ Ke8 29. Nc7+ Kd7 30. Ra7 Kc6 31. Rxa3 Kxc7 32. Ra8 Kd7 33.
g4 g5 34. Kg2 Ke7 35. f4 gxf4 36. Kf3 Kf7 37. Kxf4 h5 38. g5 h4 39. h3 Ke6 40.
g6 Ne7 41. Ra6+ Kd7 42. Kg5 Rg8 43. Rd6+ Ke8 44. Rf6 Rf8 45. Kh6 Rh8+ 46. Kg5
Rf8 47. g7 Rf7 48. Kh6 Ng8+ 49. Kg6 Ne7+ 50. Kh7 1-0

[Event "First Saturday 2011 aprilis FM-A"]
[Site "Budapest"]
[Date "2011.04.06"]
[Round "5"]
[White "Tran, Minh Thang"]
[Black "Farkas, Richard"]
[Result "1-0"]
[WhiteElo "2077"]
[BlackElo "2001"]
[PlyCount "107"]
[EventDate "2011.04.02"]

1. d4 f5 2. Bf4 Nf6 3. Nf3 g6 4. h4 Bg7 5. e3 O-O 6. c3 b6 7. Nbd2 Bb7 8. Be2
h6 9. Qb3+ Kh7 10. Ng5+ hxg5 11. hxg5+ Nh5 12. Bxh5 gxh5 13. Rxh5+ Kg6 14. g4
e6 15. O-O-O Rh8 16. gxf5+ exf5 17. Rh6+ Bxh6 18. gxh6 d5 19. Rg1+ Kf7 20. Rg7+
Ke8 21. Qd1 Qh4 22. Qg1 Qf6 23. Qh2 Nc6 24. Qh5+ Kf8 25. Bg5 Qxg7 26. hxg7+
Kxg7 27. Qf3 Raf8 28. Bf4 Rf7 29. Qg3+ Kf8 30. Nf3 Rg7 31. Ng5 Kg8 32. Be5 Nxe5
33. dxe5 Rh5 34. f4 Rg6 35. Kc2 c6 36. Kb3 Ba6 37. e6 Kf8 38. Qf2 Bc4+ 39. Ka3
Ke7 40. b3 Bd3 41. Qd2 Be4 42. Qd4 Rhxg5 43. fxg5 Kxe6 44. Qh8 Kf7 45. Qh7+ Rg7
46. Qh4 c5 47. Kb2 Kg8 48. Qh6 b5 49. Qd6 c4 50. b4 Kh7 51. Qh6+ Kg8 52. Kc1
Kf7 53. Qf6+ Kg8 54. g6 1-0

[Event "First Saturday 2011 aprilis FM-A"]
[Site "Budapest"]
[Date "2011.04.06"]
[Round "5"]
[White "Csillag, Janos"]
[Black "Borda, Lajos"]
[Result "1-0"]
[WhiteElo "1978"]
[BlackElo "2135"]
[PlyCount "51"]
[EventDate "2011.04.02"]

1. e4 c5 2. Nc3 a6 3. d3 e6 4. g3 Nc6 5. Bg2 d6 6. f4 Qc7 7. Nf3 Nf6 8. O-O Be7
9. h3 h5 10. Be3 d5 11. e5 d4 12. exf6 gxf6 13. Bf2 dxc3 14. bxc3 e5 15. fxe5
fxe5 16. d4 e4 17. Nd2 f5 18. d5 Na5 19. Bxe4 fxe4 20. Nxe4 Bxh3 21. d6 Qc6 22.
Qf3 Bxd6 23. Nxd6+ Qxd6 24. Rfe1+ Be6 25. Qf6 Kd7 26. Rxe6 1-0

[Event "First Saturday 2011 aprilis FM-A"]
[Site "Budapest"]
[Date "2011.04.06"]
[Round "5"]
[White "Erdos, Boglarka"]
[Black "Kiss, Peter"]
[Result "1-0"]
[WhiteElo "2174"]
[BlackElo "1902"]
[PlyCount "33"]
[EventDate "2011.04.02"]

1. e4 e6 2. d4 b6 3. c4 Bb7 4. Nc3 Bb4 5. Bd3 f5 6. f3 Bxc3+ 7. bxc3 fxe4 8.
fxe4 Bxe4 9. Qh5+ g6 10. Qe5 Bxg2 11. Bg5 Qc8 12. Qxh8 Kf8 13. Bf6 d6 14. Qg7+
Ke8 15. Bxg6+ hxg6 16. Qxg6+ Kd7 17. Qg7+ 1-0

[Event "First Saturday 2011 aprilis FM-A"]
[Site "Budapest"]
[Date "2011.04.06"]
[Round "5"]
[White "Juracsik, Jozsef"]
[Black "Xu, Fei"]
[Result "1-0"]
[WhiteElo "2228"]
[BlackElo "1909"]
[PlyCount "83"]
[EventDate "2011.04.02"]

1. e4 e5 2. Nf3 Nf6 3. Nc3 Nc6 4. Bb5 Bb4 5. O-O O-O 6. d3 d6 7. Ne2 a6 8. Bxc6
bxc6 9. Ng3 h6 10. h3 Ba5 11. c3 Bb6 12. Be3 Rb8 13. Bxb6 cxb6 14. d4 Qc7 15.
Qd2 Be6 16. Rfe1 Rfe8 17. b3 b5 18. Rad1 Rbd8 19. Nh2 a5 20. f4 exf4 21. Qxf4
c5 22. Nf3 c4 23. d5 Bc8 24. Re3 b4 25. cxb4 axb4 26. Nd4 c3 27. Kh2 Kh7 28.
Nc6 Rd7 29. Nf5 g5 30. Qf3 h5 31. Nfe7 Rdxe7 32. Qxf6 c2 33. Rc1 Rxe4 34. Rxe4
Rxe4 35. Qxg5 Qd7 36. Qxh5+ Kg7 37. Rxc2 Qf5 38. Qxf5 Bxf5 39. Rf2 Bg6 40. Kg3
f5 41. Rf4 Re3+ 42. Kf2 1-0

[Event "First Saturday 2011 aprilis FM-A"]
[Site "Budapest"]
[Date "2011.04.06"]
[Round "5"]
[White "Darazs, Zoltan"]
[Black "Sanders, Isaac B"]
[Result "1-0"]
[WhiteElo "2218"]
[BlackElo "2015"]
[PlyCount "71"]
[EventDate "2011.04.02"]

1. d4 Nf6 2. c4 g6 3. Nc3 Bg7 4. e4 d6 5. f3 O-O 6. Be3 e5 7. d5 Nh5 8. Qd2 f5
9. O-O-O Nd7 10. Bd3 a6 11. exf5 gxf5 12. Bxf5 Rxf5 13. g4 Rf4 14. gxh5 Rxc4
15. b3 Rd4 16. Bxd4 exd4 17. Nce2 Qf8 18. f4 d3 19. Qxd3 Nc5 20. Qg3 Ne4 21.
Qf3 Bf5 22. Nd4 c5 23. dxc6 bxc6 24. Nge2 c5 25. Nxf5 Qxf5 26. h6 Qf6 27. Nd4
cxd4 28. Qxe4 Rc8+ 29. Kb1 Qxh6 30. Rhg1 Rf8 31. Qxd4 Kh8 32. Qxd6 Qxh2 33.
Rxg7 Kxg7 34. Qe7+ Kg8 35. Qg5+ Kh8 36. Rg1 1-0

[Event "First Saturday 2011 aprilis FM-A"]
[Site "Budapest"]
[Date "2011.04.07"]
[Round "6"]
[White "Farkas, Richard"]
[Black "Sanders, Isaac B"]
[Result "0-1"]
[WhiteElo "2001"]
[BlackElo "2015"]
[PlyCount "92"]
[EventDate "2011.04.02"]

1. e4 c5 2. Nf3 d6 3. d4 cxd4 4. Nxd4 Nf6 5. Nc3 a6 6. Be3 e5 7. Nb3 Be6 8. f3
Be7 9. Qd2 Nbd7 10. Be2 Rc8 11. O-O O-O 12. Kh1 h6 13. a4 Nb6 14. Rfd1 Nc4 15.
Bxc4 Bxc4 16. a5 Qc7 17. g4 Qc6 18. Nc1 d5 19. exd5 Nxd5 20. Nxd5 Bxd5 21. Qxd5
Rfd8 22. Qxc6 Rxd1+ 23. Kg2 Rxc6 24. c3 Bg5 25. Bxg5 hxg5 26. Nb3 Rxa1 27. Nxa1
Rc5 28. Nc2 Rxa5 29. Nb4 f6 30. Kf2 Kf7 31. Ke3 Ke6 32. Ke4 Ra4 33. Ke3 a5 34.
Nd3 Rc4 35. Kd2 Rc8 36. h3 g6 37. Ke2 f5 38. Ke3 Kd5 39. Nf2 e4 40. fxe4+ fxe4
41. Nd1 Rf8 42. Ke2 Rf3 43. Ne3+ Rxe3+ 44. Kxe3 a4 45. Kd2 Kc4 46. Ke3 Kb3 0-1